000 01304cam a22002531 4500
001 gs 26000015
003 DLC
005 20260227111330.0
008 871210s1925 ag af 000 0 spa c
010 _ags 26000015
035 _a(OCoLC)17215159
040 _aU.S. Geol. survey. Library
_cTxDaM
_dDLC
042 _apremarc
050 0 0 _aQE231
_b.A35 no. 11
100 1 _aBeder, Robert,
_d1885-
245 1 0 _aAlgunas observaciones sobre el yacimiento de mineral de hierro de la mina "Romay", cerca de Albigasta, provincia de Catamarca,
_cpor Roberto Beder.
260 _aBuenos Aires,
_bTalleres gráficos del Ministerio de agricultura de la nación,
_c1925.
300 _a12 p.
_bIII pl., tables.
_c26 cm.
490 0 _aArgentine republic. Dirección general de minas, geología e hidrologia. Publicación
_vn. 11
500 _aAt head of title: República argentina. Ministerio de agricultura de la nación.
501 _aWith : Sobre los rasgos principales de la glaciacion actual en la Isla Laurie (Archipiélago de las Orcadas del Sur). Buenos Aires : Talleres gráficos del Ministerio de agricultura de la nación, 1925. Bound together subsequent to publication.
_5DLC
650 0 _aMines and mineral resources
_zArgentina
_zCatamarca.
650 0 _aIron mines and mining
_zArgentina
_zCatamarca.
999 _c26430
_d26430